000 00320nam a2200133 i 4500
001 bg
100 1 _aOŁDZIEJ, Hanna
245 0 _aEnglish texts electrical engineering /
_cHanna Ołdziej.
260 _aBydgoszcz,
_c1980.
040 _cBPK
041 _apol
942 _cKS
008 s pl f |000 0 pol
999 _c19313
_d19313
856 _uhttp://koha.tu.koszalin.pl/cgi-bin/koha/opac-detail.pl?biblionumber=19313
_yKatalog online BPK